Subnautica Soundtrack - Statistics

General Stats
  • This quiz has been taken 33 times
  • The average score is 12 of 56
Answer Stats
Answer % Correct
Abandon Ship
89%
Red Alert
56%
Salutations
56%
Cuddlefish
44%
Into the Unknown
44%
Leviathan
44%
Exosuit
39%
God Rays
39%
Seamoth
39%
Crash Site
33%
Ghosts
33%
Lava Castle
33%
Lost River
33%
Tropical Eden
33%
Ghost Tree
28%
Sun & Moon
28%
What Are You
28%
Fear the Reapers
22%
Lift Off
22%
Original Inhabitants
22%
Rock It!
22%
Alien Passageways
17%
Alterra Science
17%
Amid the Kelp
17%
Ancient Aliens
17%
Blood Crawlers
17%
Bone Fields
17%
Bring a Medpack
17%
Crush Depth
17%
Infected
17%
Islands Beneath the Sea
17%
Precipice
17%
Safe in Kelp Forest
17%
Shadow of the Reefback
17%
Shallows
17%
Sunbeam
17%
Alien Expanse
11%
Arc Lights
11%
Dark Matter Reactor
11%
Habitat
11%
In Bloom
11%
Mushroom Forest
11%
Observatory Zen
11%
Ahead Slow
6%
Alien Spaces
6%
A Tendency to Float
6%
Blueprint
6%
Buoyancy
6%
Caverns
6%
Coral Reef
6%
Cycle of Life
6%
Finding Life
6%
First Immersion
6%
Maneuvers
6%
Unknown Flora
6%
Violet Beau
6%
No matching quizzes found
Score Distribution
Percent of People with Each Score
Percentile by Number Answered
Your Score History
You have not taken this quiz